Berjihat menerusi tulisan (kumpulan esei agama)

Bibliographic Details
Main Author: Talib Samat
Format: Book
Published: Pahang : Karisma Publications Sdn. Bhd , 2004
Series:Siri motivasi
Subjects:

MARC

LEADER 00000cam a2200000 7i4500
001 0000039444
005 20131224.0
008 131224
020 |a 9831950399 
090 0 0 |a 297.72   |b TAL 
100 0 |a Talib Samat 
245 1 0 |a Berjihat menerusi tulisan (kumpulan esei agama)   |c Talib Samat 
260 |a Pahang :   |b Karisma Publications Sdn. Bhd ,   |c 2004 
440 |a Siri motivasi 
650 0 |a Essay 
650 0 |a Islam   |x Missions 
650 0 |a Jihat 
999 |a 0001257795   |b Book   |c Adult Collection   |e Perbadanan Perpustakaan Awam Johor